| 000 | 00452nam a2200145 4500 | ||
|---|---|---|---|
| 008 | 150521b xxu||||| |||| 00| 0 eng d | ||
| 020 | _a4906236839 | ||
| 050 | _aHN 774 .A35 2002 | ||
| 100 |
_aUnited Nations Centre for Regional Deelopment _d2002 |
||
| 245 | _aSocial development issues in Africa | ||
| 260 |
_aNairobi: _bUNCRD, _c2002 |
||
| 300 | _avii, 159p. | ||
| 650 | _aSocial development | ||
| 942 |
_2lcc _cBOOKS _hHN 774 .A35 2002 _01 |
||
| 999 |
_c1026 _d1026 |
||